000 00573cam a22002173a 4500
001 40317
003 PGUSA
005 20140828083912.0
008 120724s2012||||xxu|||||s|||||000 | eng d
040 _aPGUSA
_beng
042 _adc
100 1 _aBrezina, Otokar
245 1 0 _aHymnen
_h[electronic resource] /
_cOtokar Brezina
260 _bProject Gutenberg,
_c2012
506 _aPublic domain in the USA.
516 _aElectronic text
700 1 _aPick, Otto
830 0 _aProject Gutenberg
_v40317
856 4 0 _uhttp://www.gutenberg.org/ebooks/40317
942 _cEB
999 _c269570
_d269570